Platón

Uloženo v:
Podrobná bibliografie
Hlavní autoři: Boldú, Joan (Autor), Manjón, Rafael (Autor), Serrano, Pedro (Autor)
Médium: Kniha
Jazyk:španělština
Vydáno: Barcelona EGA - Donostiarra 1995
Vydání:1a. ed
Edice:Didaktiké.Temas de filosofía ; 2
Témata:
Tagy: Přidat tag
Žádné tagy, Buďte první, kdo vytvoří štítek k tomuto záznamu!

MARC

LEADER 00000nam a2200000 a 4500
001 UCL8161
003 CL-VaPUC
008 040611e19951100SP |||||||||||||||||spa|d
020 |a 8489499128 
082 0 4 |a 184  |b BOL  |2 21 
100 0 |a Boldú, Joan  |e author  |9 486129 
700 0 |a Manjón, Rafael  |e author  |9 486130 
700 0 |a Serrano, Pedro  |e author  |9 486131 
245 1 0 |a Platón 
250 |a 1a. ed 
300 |a 32 p 
942 |c BK 
945 |d 20040611 00:00:00  |a cmena 
260 |a Barcelona  |b EGA - Donostiarra  |c 1995 
600 0 7 |a PLATON  |2 CL-VaPUC  |9 222 
650 0 |a Filosofía platónica  |9 269135 
583 |a last modification  |c 20040611 00:00:00  |k Rodrigo Vera 
490 0 |a Didaktiké.Temas de filosofía ; 2 
999 |c 309604  |d 309602